Mirror for Princes from India (Record no. 10517)

MARC details
000 -LEADER
fixed length control field 00375nam a2200145 a 4500
020 ## - INTERNATIONAL STANDARD BOOK NUMBER
ISBN 8185026165
082 00 - DEWEY DECIMAL CLASSIFICATION NUMBER
Classification number 745
Author Cutter GRU
100 ## - MAIN ENTRY--AUTHOR NAME
Author name Grube, Rrnst J.
245 ## - TITLE STATEMENT
Title Mirror for Princes from India
260 ## - PUBLICATION, DISTRIBUTION, ETC. (IMPRINT)
Place of publication Bombay
Name of publisher Marg Pub.
Year of publication 1991
300 ## - PHYSICAL DESCRIPTION
Number of Pages 170p
500 ## - GENERAL NOTE
General note includes index and biblioraphy
650 ## - SUBJECT ADDED ENTRY--TOPICAL TERM
Topical Term Islamic Illumination of book Manuscripts
942 ## - ADDED ENTRY ELEMENTS (KOHA)
Koha item type Reading Reference Book
Holdings
Collection code Home library Current library Shelving location Date acquired Cost, normal purchase price Full call number Accession Number Koha item type
Reference Henry Martyn Institute Library Henry Martyn Institute Library Reference 09/10/2007 100.00 745.67 GRU 015197 Books
                   Copyright © 2026 | Henry Martyn Institute | Hyderabad | TS-500052 | INDIA | Implemented by hmi.edu.in
Hit-Count:

Powered by Koha